• 首页
  • 本馆介绍
  • 公告通知
  • 最新文献
  • 馆藏检索
  • 电子资源
  • 读者导购
  • 参考咨询
  • 我的图书馆
  • 登录
  • 详细信息显示
  • 放入我的书架
  • 预约/预借图书
  • 作者相关作品
  • 分类相关作品
  • 丛书相关作品
  • 出版社相关作品

书目信息

  • 表格格式
  • 工作单格式
  • 卡片格式
题名:
音乐的魅力
    
 
作者: 贝克 , Baker 著 ;宋鸿鸣 , 路莹 译
分册:  
出版信息: 北京   人民音乐出版社  1986
页数: 142页
开本: 19cm
丛书名:
单 册:
中图分类: J605 , J60
科图分类:
主题词: 音乐欣赏 , 音乐--艺术理论 , 音乐学 , 音乐社会学
电子资源:
ISBN: 7-103-00178-2
000 01009nam0 2200361 45
001 0186012711
005 20031217145259.0
010    @a7-103-00178-2@dCNY2.15
091    @aCN@b8026.4485
100    @a19900813d1986 em y0chiy0121 ea
101 1  @achi@ceng
102    @aCN@b110000
105    @af z 000yy
106    @ar
200 10 @a音乐的魅力@Ayin yue de mei li@f(美)贝克(Baker,R.)著@g宋鸿鸣, 路莹译
210    @a北京@c人民音乐出版社@d1986
215    @a142页@c照片@d19cm
300    @a书名原文:The magic of music
300    @a根据纽约 Universe Books公司1975年英文版译出
510 1  @aThe magic of music@zeng
606    @a音乐欣赏
606 0  @a音乐@x艺术理论
606 0  @a音乐学
606 0  @a音乐社会学
690    @aJ605@v3
690    @aJ60
701  1 @a贝克@Abei ke@bR.@4著
701 A1 @aBaker@bR.@4著
702  0 @a宋鸿鸣@Asong hong ming@4译
702  0 @a路莹@Alu ying@4译
801  0 @aCN@b深圳图书馆@c20031217
801  2 @aCN@bNLC@c20031217
905    @b218607@dJ60@e67@f1
    
    音乐的魅力/(美)贝克(Baker,R.)著/宋鸿鸣, 路莹译.-北京:人民音乐出版社,1986
    142页:照片;19cm
    书名原文:The magic of music.-根据纽约 Universe Books公司1975年英文版译出
    
    ISBN 7-103-00178-2:CNY2.15
    
●
相关链接 在E读中查询图书 在五车中查询图书 在当当中查询图书 在豆瓣中查询图书


正题名:音乐的魅力     索取号:J60/67         预约/预借

序号 登录号 条形码 馆藏地/架位号 状态 备注
1 0218607   001717672   密集书库/ [索取号:J60/67] 在馆    
2 0219606   000574462   第一样本阅览室/ [索取号:J60/67] 在馆    
唐山师范学院图书馆 欢迎您!
大连网信软件有限公司© 版权所有